000 00342 a2200157 4500
001 178472
020 _a
040 _cMagnum
100 _aGraham, Bob
240 1 0 _aFiruli a galinha garnise
_lpor
245 1 0 _aFiruli a galinha garnise
362 0 _a1899
440 1 _aÁtica
697 _aMAGNITO: IJ/AVENTURA, CRIANCAS
942 _cBK
999 _c178472
_d178472